Read & Shine The Big Fight Of Oley And Dan (Record no. 583354)

MARC details
000 -LEADER
fixed length control field 00459nam a22001697a 4500
008 - FIXED-LENGTH DATA ELEMENTS--GENERAL INFORMATION
fixed length control field 250821b |||||||| |||| 00| 0 eng d
020 ## - INTERNATIONAL STANDARD BOOK NUMBER
ISBN 9788131932766
Paper back/Hardbound pbk
041 ## - LANGUAGE CODE
Language code of text/sound track or separate title eng
082 ## - DEWEY DECIMAL CLASSIFICATION NUMBER
Classification number 813.54
Item number NAR
100 ## - MAIN ENTRY--AUTHOR NAME
Personal name Narang, Manmeet
245 ## - TITLE STATEMENT
Title Read & Shine The Big Fight Of Oley And Dan
Statement of responsibility, etc by Manmeet Narang Illustrated by: Suman S. Roy
250 ## - EDITION STATEMENT
Edition statement 1ed.,
260 ## - PUBLICATION, DISTRIBUTION, ETC. (IMPRINT)
Place of publication Noida
Name of publisher Kuldeep
300 ## - PHYSICAL DESCRIPTION
Number of Pages 32p.
942 ## - ADDED ENTRY ELEMENTS (KOHA)
Koha item type English Books
Holdings
Withdrawn status Lost status Damaged status Not for loan Home library Current library Shelving location Date acquired Full call number Accession Number Price effective from Koha item type
        Anna Centenary Library Anna Centenary Library CHILDREN SECTION-1ST FLOOR, B WING 19.04.2018 813.54 NAR 602819 21.08.2025 English Books
        Anna Centenary Library Anna Centenary Library CHILDREN SECTION-1ST FLOOR, B WING 19.04.2018 813.54 NAR 602818 08.01.2026 English Books

Find us on the map